00750cam a22002533a 45000010005000000030006000050050017000110080041000280400015000690420007000840500007000911000034000982450059001322600029001915060030002205160020002506530016002706530023002866530017003096530068003266530033003948300028004278560041004555709PGUSA20140828083123.0040501s2004||||xxu|||||s|||||000 1 eng d aPGUSAbeng adc 4aPR1 aTrollope, Anthony,d1815-188210aLa Vendéeh[electronic resource] /cAnthony Trollope bProject Gutenberg,c2004 aPublic domain in the USA. aElectronic text aWar stories aHistorical fiction aLove stories aFrance -- History -- Wars of the Vendée, 1793-1832 -- Fiction aVendée (France) -- Fiction 0aProject Gutenbergv570940uhttp://www.gutenberg.org/ebooks/5709